000 00473nam a2200157 i 4500
001 83024
003 ES-MaACL
005 20230906174751.0
007 t|
008 041115s1974 sp s ||||1| spa d
245 0 0 _aDiferencias relativas a la renta /
_cInstituto Nacional de Estadística.
260 _a[Madrid :
_bs.n.,
_c1974]
300 _a25 fol., 60 h ;
_c29 cm.
710 2 _aInstituto Nacional de Estadística (España)
_95162
852 _aES-MaACL
_jE-5739
_bR.89833
999 _c83024
_d83024